000 00255nam a22001097a 4500
008 170126b xxu||||| |||| 00| 0 eng d
020 _a9780071433655
041 _aeng
080 _a61
245 _aHOW TO BE YOUR OWN THERAPIST
_cFARREL, P
942 _2udc
_cBK
999 _c3775
_d3775